Normal view
MARC view
- Dyer, Thomas D.
Entry Personal Name
001 - CONTROL NUMBER
- control field: 38927
003 - CONTROL NUMBER IDENTIFIER
- control field: OSt
005 - DATE AND TIME OF LATEST TRANSACTION
- control field: 20151215141215.0
008 - FIXED-LENGTH DATA ELEMENTS
- fixed length control field: 151215|| aca||aabn | a|a d
040 ## - CATALOGING SOURCE
- Original cataloging agency: OSt
100 1# - HEADING--PERSONAL NAME
- Personal name: Dyer, Thomas D.
400 1# - SEE FROM TRACING--PERSONAL NAME
- Personal name: Dyer, Tom D.
400 1# - SEE FROM TRACING--PERSONAL NAME
- Personal name: Dyer, Thomas
- Titles and other words associated with a name: (Civil engineer)
400 1# - SEE FROM TRACING--PERSONAL NAME
- Personal name: Dyer, Tom